000
00348nam a2200157Ia 4500
100
_a
Simon/Richard
490
_v
I
942
_c
BK
654
_a
Computer
245
_a
Windows 95 Win 32Programming ADI Bible Book i
260
_b
Techmedia
_a
New york
_c
1998
082
_a
005.13(W)
_b
SIM
300
_a
1378
546
_a
ENGLISH
999
_c
32049
_d
32049